[Event "ch-SCG jr"]
[Site "Vrnjacka Banja SCG"]
[Date "2005.08.16"]
[Round "6"]
[White "Lapcevic,M"]
[Black "Bogosavljevic,B"]
[Result "0-1"]
[WhiteElo "2269"]
[BlackElo "2302"]

1.d4 Nf6 2.c4 e6 3.Nc3 Bb4 4.Qc2 O-O 5.a3 Bxc3+ 6.Qxc3 b6 7.Bg5 c5 8.Nf3 Ba6
9.e3 d6 10.b4 Nbd7 11.b5 Bb7 12.Bd3 Rc8 13.O-O cxd4 14.Nxd4 Ne5 15.Rac1 Nxc4
16.Bxc4 d5 17.Nc6 Bxc6 18.Bd3 Bb7 19.Qd4 Qe7 20.f4 Rxc1 21.Rxc1 Rc8 22.Rxc8+ Bxc8
23.a4 h6 24.Bh4 Qc5 25.h3 Nd7 26.Kh2 f6 27.Bg3 Bb7 28.Bg6 Qc4 29.Qd1 Nc5
30.Qh5 d4 31.exd4 Qxd4 32.Bf7+ Kh8 33.Bxe6 Nxe6 34.Qe8+ Kh7 35.Qxe6 Qd2 36.Qf5+ g6  0-1

[Event "15th ch-SLO"]
[Site "Ptuj SLO"]
[Date "2005.08.17"]
[Round "7"]
[White "Jelen,Ig"]
[Black "Sakelsek,T"]
[Result "1/2-1/2"]
[WhiteElo "2334"]
[BlackElo "2390"]

1.d4 Nf6 2.c4 e6 3.Nc3 Bb4 4.Qc2 O-O 5.a3 Bxc3+ 6.Qxc3 b6 7.Bg5 Bb7 8.f3 c5
9.dxc5 bxc5 10.e3 a5 11.Bd3 d6 12.Ne2 Nbd7 13.O-O Qe7 14.Rad1 Rfd8 15.Rd2 Ne5
16.Bb1 Ng6 17.Nf4 Nxf4 18.Bxf4 Ne8  1/2-1/2

[Event "15th ch-SLO"]
[Site "Ptuj SLO"]
[Date "2005.08.19"]
[Round "9"]
[White "Bratovic,B"]
[Black "Sakelsek,T"]
[Result "1-0"]
[WhiteElo "2350"]
[BlackElo "2390"]

1.d4 Nf6 2.c4 e6 3.Nc3 Bb4 4.Qc2 O-O 5.a3 Bxc3+ 6.Qxc3 b6 7.Bg5 Bb7 8.e3 d6
9.f3 Nbd7 10.Bd3 h6 11.Bh4 c5 12.Ne2 Rc8 13.O-O Qe7 14.b4 Rfd8 15.Rfd1 g5
16.Bf2 d5 17.dxc5 bxc5 18.b5 Nb6 19.cxd5 Nfxd5 20.Qe5 c4 21.Bc2 Nd7 22.Qd4 N5b6
23.Qc3 Nc5 24.e4 e5 25.Rxd8+ Rxd8 26.a4 Nd3 27.Be3 Nf4 28.Ng3 h5 29.Kh1 h4
30.Nf5 Qe6 31.a5 Nc8 32.Ra4 h3 33.g3 Qxf5 34.gxf4 Qg6 35.Ra1 Qh5 36.Rf1 gxf4
37.Bc5 Kh7 38.Qxc4 Rd2 39.Bb3 Kg7 40.a6 Ba8 41.Bf8+ Kh7 42.Qxf7+ Qxf7 43.Bxf7 Nd6
44.Bxd6 Rxd6 45.Bc4 Rd2 46.Rg1 Rd4 47.Rc1 Rd2 48.Bf1 Rf2 49.Bxh3 Rxf3 50.Bf5+ Kh6
51.Rc8 Rb3 52.Rxa8 f3 53.Kg1 Kg5 54.Bh3 Kf4 55.Rxa7 Ke3 56.Bf1 Rb4 57.Rg7  1-0

[Event "2nd Dato' Arthur Tan Malaysian Open"]
[Site "Kuala Lumpur MAS"]
[Date "2005.08.21"]
[Round "3"]
[White "Vijayalakshmi,S"]
[Black "Kunte,A"]
[Result "1/2-1/2"]
[WhiteElo "2414"]
[BlackElo "2561"]

1.d4 Nf6 2.c4 e6 3.Nc3 Bb4 4.Qc2 O-O 5.a3 Bxc3+ 6.Qxc3 d6 7.Bg5 Nbd7 8.e3 b6
9.Bd3 Bb7 10.f3 Rc8 11.Ne2 c5 12.O-O d5 13.cxd5 exd5  1/2-1/2

[Event "2nd Dato' Arthur Tan Malaysian Open"]
[Site "Kuala Lumpur MAS"]
[Date "2005.08.24"]
[Round "9"]
[White "Meenakshi,S1"]
[Black "Taleb,M"]
[Result "1/2-1/2"]
[WhiteElo "2273"]
[BlackElo "2508"]

1.d4 Nf6 2.c4 e6 3.Nc3 Bb4 4.Qc2 O-O 5.a3 Bxc3+ 6.Qxc3 d6 7.Bg5 Nbd7 8.e3 b6
9.f3 e5 10.Ne2 Bb7 11.d5 a5 12.Qc2 h6 13.Bh4 Qe8 14.Nc3 e4 15.f4 Ng4 16.Qe2 f5
17.h3 Ngf6 18.g4 Nc5 19.Qc2 Qg6 20.Rg1 Bc8 21.Nb5 Rf7 22.O-O-O Bd7 23.Nd4 fxg4
24.Bxf6 Qxf6 25.hxg4 Ba4 26.b3 Bd7 27.g5 hxg5 28.Rg3 Qh6 29.Bg2 Nd3+ 30.Rxd3 exd3
31.Qxd3 Re8 32.Be4 Qh4 33.Bg6 Qh1+ 34.Kc2 Rxe3 35.Bxf7+ Kf8 36.Qd2 Kxf7 37.Qe1 Rxe1
38.Rd3 g6 39.a4 Qxd5 40.Rd1 Re3 41.Re1 Qf3 42.Rc1 Qg3  1/2-1/2

[Event "13th Open"]
[Site "Nikaia GRE"]
[Date "2005.08.24"]
[Round "3"]
[White "Parginos,V"]
[Black "Nikolaidis,I"]
[Result "0-1"]
[WhiteElo "2149"]
[BlackElo "2522"]

1.d4 Nf6 2.c4 e6 3.Nc3 Bb4 4.Qc2 O-O 5.e4 d6 6.Bg5 h6 7.Bh4 e5 8.d5 Bxc3+
9.bxc3 Nbd7 10.Nf3 g5 11.Nxg5 hxg5 12.Bxg5 Kh8 13.Qd3 Qe8 14.g4 Nh7 15.Bh6 Nc5
16.Qe3 Bxg4 17.Bxf8 Qxf8 18.Rg1 f5 19.f3 Bh5 20.Be2 Qf6 21.O-O-O fxe4 22.fxe4 Bxe2
23.Qxe2 Qf4+ 24.Kb2 Qxe4 25.Qh5 Rf8 26.Qh6 Rf2+ 27.Rd2 Rxd2+ 28.Qxd2 Nd3+
29.Kb3 b5 30.cxb5 Qxd5+ 31.Kc2 e4 32.c4 Qxc4+ 33.Qc3+ Qxc3+ 34.Kxc3 Nf6 35.Kd4 Nc5
36.Rg6 Ncd7 37.a4 Kh7 38.Rg2 Nc5 39.h3 Nxa4 40.Ra2 Nc5 41.Rxa7 Kg6 42.Ra8 Ne6+
43.Ke3 d5 44.Ra6 d4+ 45.Kd2 e3+ 46.Kd3 Nc5+ 47.Kxd4 e2 48.Ra1 Nb3+ 49.Ke3 Nxa1
50.Kxe2 Nc2  0-1

[Event "2nd Dato' Arthur Tan Malaysian Open"]
[Site "Kuala Lumpur MAS"]
[Date "2005.08.26"]
[Round "11"]
[White "Meenakshi,S1"]
[Black "Tirto"]
[Result "0-1"]
[WhiteElo "2273"]
[BlackElo "2370"]

1.d4 Nf6 2.c4 e6 3.Nc3 Bb4 4.Qc2 O-O 5.a3 Bxc3+ 6.Qxc3 b6 7.Bg5 c5 8.dxc5 bxc5
9.e3 Nc6 10.Nf3 Rb8 11.Nd2 d6 12.Rd1 e5 13.Be2 Qe7 14.Bf3 Nd4 15.Bxf6 Nxf3+
16.Nxf3 Qxf6 17.Nd2 Qg6 18.Rg1 Qh6 19.Ne4 Rb6 20.b4 cxb4 21.axb4 Qxh2 22.Kf1 Qh6
23.f3 Bb7 24.c5 dxc5 25.bxc5 Re6 26.Nd6 Bc6 27.e4 Qg5 28.Ra1 Ra8 29.Kf2 Qe7
30.Ra6 Qc7 31.Qa5 Qd7 32.Ra1 Re7 33.Nf5 Ree8 34.Rxa7 Rxa7 35.Qxa7 Qd2+ 36.Kg1 g6
37.Nd6 Rf8 38.Qa3 Ba8 39.Qxa8 Rxa8 40.Rxa8+ Kg7 41.Ne8+ Kh6 42.Rc8 Kg5 43.c6 Kh4
44.Nf6 Kg3 45.Nh5+ gxh5 46.Rg8+ Kf4 47.Kh2 Qc1 48.Rg7 Ke3 49.Kg3 Qxc6 50.Rg5 Qf6
51.Rf5 Qg6+ 52.Kh3 Kf2 53.g4 hxg4+ 54.fxg4+ Ke3  0-1

[Event "13th Open"]
[Site "Nikaia GRE"]
[Date "2005.08.27"]
[Round "6"]
[White "Nikolaidis,I"]
[Black "Aroshidze,L"]
[Result "1-0"]
[WhiteElo "2522"]
[BlackElo "2463"]

1.d4 Nf6 2.c4 e6 3.Nc3 Bb4 4.Qc2 O-O 5.a3 Bxc3+ 6.Qxc3 b6 7.Bg5 Bb7 8.e3 d6
9.Ne2 Nbd7 10.Qd3 Ba6 11.Nc3 d5 12.Qd1 Bxc4 13.Bxc4 dxc4 14.Qa4 c5 15.Qxc4 cxd4
16.Qxd4 h6 17.Bh4 Nc5 18.Bxf6 Qxf6 19.Qxf6 gxf6 20.Ke2 Rfd8 21.Rad1 Kf8 22.e4 Ke7
23.Ke3 Nb7 24.Rxd8 Rxd8 25.Rc1 Nd6 26.Ne2 Rc8 27.Rxc8 Nxc8 28.Kd3 Nd6 29.Nd4 Kd7
30.g4 a6 31.f4 b5 32.b3 Nb7 33.e5 fxe5 34.fxe5 Nc5+ 35.Ke3 Ke8 36.h4 Nd7
37.Nc6 f6 38.exf6 Nxf6 39.Ne5 Nd5+ 40.Kd4 a5 41.Kc5 a4 42.bxa4 bxa4 43.Kb5 Ke7
44.Kxa4 Kf6 45.Nd3 e5 46.Nf2 Ke6 47.Kb5 Nf6 48.Kc5 Nd7+ 49.Kc4 Nb6+ 50.Kb5 Nc8
51.Kc5 Nd6 52.a4 Nb7+ 53.Kc6 Nd6 54.a5 e4 55.Nxe4 Nxe4 56.a6  1-0

[Event "25th Open"]
[Site "Bratto ITA"]
[Date "2005.08.28"]
[Round "9"]
[White "Atalik,S"]
[Black "Drasko,M"]
[Result "1/2-1/2"]
[WhiteElo "2561"]
[BlackElo "2516"]

1.d4 e6 2.c4 Nf6 3.Nc3 Bb4 4.Qc2 O-O 5.a3 Bxc3+ 6.Qxc3 b6 7.Bg5 c5 8.dxc5 bxc5
9.e3 Nc6 10.Nf3 Rb8 11.Bd3 h6 12.Bh4 d6 13.O-O-O e5 14.Bc2 Qe7 15.Bxf6 Qxf6
16.Nd2 Bf5 17.Bxf5 Qxf5 18.f3 Qg6 19.g4 Rb6 20.Ne4 Ne7 21.g5 Rfb8 22.Rhg1 Nf5
23.Rd2 Rb3 24.Qa5 Nxe3  1/2-1/2

[Event "13th Open"]
[Site "Nikaia GRE"]
[Date "2005.08.28"]
[Round "7"]
[White "Tolis,E"]
[Black "Sigalas,F"]
[Result "1/2-1/2"]
[WhiteElo "2048"]
[BlackElo "2248"]

1.d4 Nf6 2.c4 e6 3.Nc3 Bb4 4.Qc2 O-O 5.a3 Bxc3+ 6.Qxc3 b6 7.Bg5 Ba6 8.Nf3 d6
9.e3 Nbd7 10.Bd3 c5 11.O-O Rc8 12.Rac1 cxd4 13.exd4 h6 14.Bh4 Bxc4 15.Bxc4 d5
16.Qb3 dxc4 17.Rxc4 Rxc4 18.Qxc4 Qc8 19.Qa4 Qb7 20.Rc1 Rc8 21.Rxc8+ Qxc8
22.h3 a6 23.Qb4 Nd5 24.Qd6 Qc7 25.Bg3 Qxd6 26.Bxd6 f6 27.Kf1 Kf7 28.Bg3 b5
29.Ke2 N7b6 30.b3 Ke7 31.Kd3 Kd7 32.Nd2 Kc6 33.Ne4 Nd7 34.Bh2 h5 35.Nd2 N5b6
36.Nb1 Nc8 37.f3 Ne7 38.Nc3 Nd5 39.Ne4 h4 40.f4 Ne7 41.Nd2 Kd5 42.Nb1 Nf5
43.Nc3+ Kc6 44.Ke4 Nd6+ 45.Kf3 f5 46.Bg1 Nf8 47.Bf2 Ng6 48.Be1 Ne8 49.Ke3 Nf6
50.Kf3 Nd5 51.Ne2 Kb6 52.Bd2 Nf6 53.Nc3 Kc6 54.Be1 Nd5 55.Ne2 Kb6 56.Bd2  1/2-1/2

[Event "13th Open"]
[Site "Nikaia GRE"]
[Date "2005.08.28"]
[Round "7"]
[White "Parginos,V"]
[Black "Savoglou,N"]
[Result "1-0"]
[WhiteElo "2149"]
[BlackElo "1955"]

1.d4 e6 2.c4 Nf6 3.Nc3 Bb4 4.Qc2 O-O 5.e4 d5 6.e5 Ne4 7.Bd3 c5 8.Ne2 f5 9.exf6 Nxf6
10.a3 Qa5 11.O-O Bxc3 12.bxc3 Nc6 13.Rb1 a6 14.Bf4 dxc4 15.Bxc4 b5 16.Ba2 c4
17.Bd6 Rf7 18.Rbe1 Qd8 19.Bc5 e5 20.Bb1 g6 21.Qc1 Bb7 22.f3 exd4 23.Nxd4 Qd5
24.Bb6 Nxd4 25.Bxd4 Raf8 26.Re5 Qd6 27.Rfe1 Nd7 28.Rh5 Nf6 29.Rh4 Re7 30.Rd1 Rfe8
31.Rf4 Re1+ 32.Rxe1 Rxe1+ 33.Qxe1 Qxf4 34.Qe6+ Kg7 35.Qe7+  1-0

[Event "FSIMA September"]
[Site "Budapest HUN"]
[Date "2005.09.04"]
[Round "2"]
[White "Fodor,T jr"]
[Black "Bernard,Ja"]
[Result "1-0"]
[WhiteElo "2262"]
[BlackElo "2252"]

1.d4 Nf6 2.c4 e6 3.Nc3 Bb4 4.Qc2 O-O 5.Nf3 b6 6.Bg5 h6 7.Bh4 Bb7 8.e3 g5
9.Bg3 Ne4 10.Bd3 f5 11.O-O Bxc3 12.bxc3 d6 13.Nd2 Nxd2 14.Qxd2 Nd7 15.f4 g4
16.Qc2 Nf6 17.Bh4 Qd7 18.d5 Nh5 19.e4 fxe4 20.Bxe4 exd5 21.cxd5 Nxf4 22.Qd2 Bxd5
23.Bxd5+ Nxd5 24.Qxd5+ Kg7 25.Rae1 Rxf1+ 26.Rxf1 Rf8 27.Qd4+  1-0

[Event "TCh-POL Ekstraliga"]
[Site "Lubniewice POL"]
[Date "2005.09.04"]
[Round "2"]
[White "Socko,M"]
[Black "Skrochocka,J"]
[Result "1-0"]
[WhiteElo "2465"]
[BlackElo "2064"]

1.d4 Nf6 2.c4 e6 3.Nc3 Bb4 4.Qc2 O-O 5.a3 Bxc3+ 6.Qxc3 b6 7.Nf3 d6 8.Bg5 Ba6
9.e3 Nbd7 10.Bd3 c5 11.O-O Rc8 12.b3 h6 13.Bh4 cxd4 14.exd4 Bb7 15.Bc2 d5
16.Ne5 g5 17.Bg3 dxc4 18.bxc4 Be4 19.Bb3 Qe7 20.Nxd7 Nxd7 21.Rae1 Bf5 22.Re3 Qf6
23.h3 Rfd8 24.Bd1 Nb8 25.Be5 Qe7 26.d5 Rxd5 27.Bxb8 Rxd1 28.Rxd1 Rxb8 29.Qd4 Rc8
30.h4 gxh4 31.Qe5 Qg5 32.Rd4 Bg6 33.Qd6 Qc5 34.Qd7 Qc7 35.Qa4 a5 36.Qd1 Qc5
37.Rxh4 Kg7 38.Qa1+ Kh7 39.Qf6  1-0

[Event "FSIMA September"]
[Site "Budapest HUN"]
[Date "2005.09.07"]
[Round "5"]
[White "Gerard,N"]
[Black "Fodor,T jr"]
[Result "0-1"]
[WhiteElo "2295"]
[BlackElo "2262"]

1.d4 Nf6 2.c4 e6 3.Nc3 Bb4 4.Qc2 O-O 5.e4 d5 6.e5 Ne4 7.a3 Bxc3+ 8.bxc3 c5
9.Bd3 Qa5 10.cxd5 exd5 11.Ne2 cxd4 12.f3 Nxc3 13.Nxd4 Ne4+ 14.Ke2 Nc5 15.Bxh7+ Kh8
16.Bg5 Nbd7 17.f4 f6 18.exf6 Nxf6 19.Bxf6 Rxf6 20.Kf3 g6 21.Bxg6 Rxg6 22.f5 Rf6
23.g4 Ne4 24.Qb2 Bd7 25.Rac1 Re8 26.Kg2 Rg8 27.h3 Kh7 28.Rhf1 Rb6 29.Nb3 Qa4
30.Rf3 Ng5 31.Re3 Bxf5 32.Re7+ Kh6 33.gxf5 Qxb3 34.Qxb3 Rxb3 35.h4 Ne4+ 36.Kf1 Ng3+
37.Kf2 Nxf5 38.Rd7 Rb2+ 39.Kf3 Nxh4+ 40.Kf4 Ng6+ 41.Ke3 Re8+ 42.Kd4 Rd2+
43.Kc3 Rh2 44.Rf1 Re3+ 45.Kd4 Rxa3 46.Rxb7 Rh5 47.Rbf7 Ra4+ 48.Kd3 Ne5+  0-1

[Event "TCh-POL Ekstraliga"]
[Site "Lubniewice POL"]
[Date "2005.09.10"]
[Round "8"]
[White "Radziewicz,I"]
[Black "Kozak,Ma"]
[Result "1/2-1/2"]
[WhiteElo "2447"]
[BlackElo "2171"]

1.c4 Nf6 2.Nc3 e6 3.d4 Bb4 4.Qc2 O-O 5.a3 Bxc3+ 6.Qxc3 b6 7.Bg5 Bb7 8.f3 d6
9.Nh3 Nbd7 10.e4 h6 11.Be3 c5 12.Nf2 Rc8 13.Rd1 Qc7 14.Be2 Rfd8 15.d5 exd5
16.cxd5 Re8 17.O-O a6 18.Rfe1 b5 19.Bf1 Qd8 20.b3 Nb6 21.Qa5 Nbd7 22.Qxd8 Rexd8
23.a4 b4 24.Bf4 Nf8 25.Nd3 g5 26.Bg3 Ng6 27.Nb2 Nh5 28.Nc4 Nxg3 29.hxg3 Rc7
30.Na5 Bc8 31.Nc6 Re8 32.Rc1 Rd7 33.e5 Kg7 34.exd6 Rxe1 35.Rxe1 Rxd6 36.Bc4 Kf6
37.g4 Bb7 38.Re8 Nf4 39.Ne7 Nxd5 40.Nf5 Rd7 41.Rh8 Nf4 42.Rxh6+ Ke5 43.Ne3 Kd4
44.Nf5+ Ke5 45.Rh8 Rd1+ 46.Kh2 Rd2 47.Re8+ Kf6 48.Ne3 Bxf3 49.Rf8 Bxg2 50.Rxf7+ Ke5
51.Kg3 Be4 52.Re7+ Kd4 53.Nf5+ Bxf5 54.gxf5 Rc2 55.f6 Rxc4 56.bxc4 b3 57.f7 Ng6
58.Re6 b2 59.Rxg6 b1=Q 60.Rd6+ Ke4 61.Re6+ Kd4 62.Rd6+ Ke4 63.Re6+ Kd4  1/2-1/2

[Event "49th TCh-ESP Honor Final"]
[Site "Merida ESP"]
[Date "2005.09.10"]
[Round "1"]
[White "Herraiz Hidalgo,H"]
[Black "Gomez Esteban,J"]
[Result "1-0"]
[WhiteElo "2471"]
[BlackElo "2467"]

1.d4 Nf6 2.c4 e6 3.Nc3 Bb4 4.Qc2 O-O 5.e4 d5 6.e5 Ne4 7.a3 Bxc3+ 8.bxc3 c5
9.Bb2 cxd4 10.cxd4 Qa5+ 11.Ke2 Bd7 12.f3 Ba4 13.Qc1 Rc8 14.Ke3 Nc5 15.dxc5 Nc6
16.Kf2 Qxc5+ 17.Qe3 d4 18.Qd2 Qxe5 19.f4 Qc5 20.Nf3 Rd8 21.Bd3 h6 22.Rhe1 b6
23.Re4 Na5 24.Qb4 Bb3 25.Rxd4 Rdc8 26.Rc1 Qxb4 27.axb4 Nc6 28.Be4 Nxd4 29.Nxd4 Ba4
30.Bxa8 Rxa8 31.b5 a6 32.Ra1 axb5 33.cxb5 Kf8 34.Ne2 Ra5 35.Bc3 Rxb5 36.Rxa4  1-0

[Event "EYg16"]
[Site "Herceg Novi SCG"]
[Date "2005.09.14"]
[Round "1"]
[White "Foisor,S"]
[Black "Nawrot,A"]
[Result "1-0"]
[WhiteElo "2230"]
[BlackElo "1980"]

1.d4 Nf6 2.c4 e6 3.Nc3 Bb4 4.Qc2 O-O 5.Nf3 b6 6.e4 d5 7.e5 Ne4 8.Bd3 Bb7
9.O-O Bxc3 10.bxc3 Nd7 11.cxd5 exd5 12.c4 f5 13.cxd5 Bxd5 14.Bc4 Bxc4 15.Qxc4+ Kh8
16.Ba3 Re8 17.Qf7 g6 18.Rad1 Nc3 19.Rd2 Nb5 20.Bb2 Rf8 21.Qc4 a6 22.d5 h6
23.a4 Na7 24.e6+ Nf6 25.Ne5 Kh7 26.Nf7 Qe7 27.Qh4  1-0

[Event "EYb18"]
[Site "Herceg Novi SCG"]
[Date "2005.09.15"]
[Round "2"]
[White "Vass,F"]
[Black "Tukhaev,A"]
[Result "0-1"]
[WhiteElo "2287"]
[BlackElo "2438"]

1.d4 Nf6 2.c4 e6 3.Nc3 Bb4 4.Qc2 O-O 5.Nf3 b6 6.e3 Bb7 7.Bd2 d6 8.Nb1 Bxd2+
9.Nbxd2 Nbd7 10.Bd3 Qe7 11.O-O-O e5 12.Ng5 h6 13.Nge4 Rae8 14.f3 d5 15.Ng3 dxc4
16.Nf5 Qd8 17.Bxc4 exd4 18.Nb3 Ne5 19.Rxd4 Qc8 20.Bb5 Re6 21.Kb1 g6 22.Nxh6+ Kg7
23.Ng4 Nexg4 24.fxg4 c5 25.Rd2 Be4 26.Bd3 Bxd3 27.Qxd3 c4 28.Qd4 Re4 29.g5 Rxd4
30.gxf6+ Kxf6 31.Nxd4 Re8 32.Rf1+ Kg7 33.Nb5 Qc5 34.Nd6 Re7 35.e4 c3 36.bxc3 Qxc3
37.Rfd1 Re6  0-1

[Event "EYg18"]
[Site "Herceg Novi SCG"]
[Date "2005.09.16"]
[Round "3"]
[White "Lomako,A"]
[Black "Lelekova,O"]
[Result "1/2-1/2"]
[WhiteElo "2249"]
[BlackElo "2213"]

1.d4 e6 2.c4 Nf6 3.Nc3 Bb4 4.Qc2 O-O 5.a3 Bxc3+ 6.Qxc3 b6 7.Nf3 Bb7 8.Bg5 d6
9.e3 Nbd7 10.Bd3 h6 11.Bf4 Nh5 12.Bg3 Nxg3 13.hxg3 Nf6 14.b4 c5 15.O-O Qe7
16.dxc5 bxc5 17.bxc5 dxc5 18.Ne5 Rfd8 19.Rab1 Rab8 20.Qa5 Ba8 21.Rxb8 Rxb8
22.Rb1 Rxb1+ 23.Bxb1 Be4 24.Bxe4 Nxe4 25.Qb5 Qd6 26.Qe8+ Kh7 27.Nxf7 Qd1+
28.Kh2 Qh5+  1/2-1/2

[Event "Karpov Simul"]
[Site "Villa Martelli ARG"]
[Date "2005.09.17"]
[Round "1"]
[White "Karpov,Ana"]
[Black "Zuriel,M"]
[Result "1/2-1/2"]
[WhiteElo "2672"]
[BlackElo "2207"]

1.d4 Nf6 2.c4 e6 3.Nc3 Bb4 4.Qc2 O-O 5.e4 d5 6.e5 Ne4 7.a3 Bxc3+ 8.bxc3 c5
9.Bd3 cxd4 10.cxd4 Qa5+ 11.Kf1 f6 12.Bxe4 dxe4 13.exf6 Rxf6 14.Be3 Bd7 15.Ne2 Bc6
16.Ng3 Nd7 17.h4 Raf8 18.Kg1 Qa6 19.h5 h6 20.Qc3 R6f7 21.Rh4 Nf6 22.Qb4 Rd8
23.a4 b6 24.Ne2 Qb7 25.a5 bxa5 26.Qxa5 Qe7 27.Rf4 Qc7 28.Rh4 Qe7 29.Ng3 Rc8
30.Qa3 Qxa3 31.Rxa3 Ba8 32.Ra4 Rfc7 33.c5 Bd5 34.Bf4 Rb7 35.Be5 Nd7 36.Bd6 Nf6
37.Ra1 Ra8 38.Be5 Nd7 39.Nxe4 Nxe5 40.dxe5 Rb5 41.Ra6 Rb1+ 42.Kh2 Re1 43.f3 Rc8
44.Nf2 Re2 45.Nd3 Bxf3 46.Nf4 Rc2 47.Kg3 Be2 48.Rxa7  1/2-1/2

[Event "EYb16"]
[Site "Herceg Novi SCG"]
[Date "2005.09.18"]
[Round "5"]
[White "Figura,A"]
[Black "Jojua,D"]
[Result "1/2-1/2"]
[WhiteElo "2277"]
[BlackElo "2337"]

1.d4 Nf6 2.c4 e6 3.Nc3 Bb4 4.Qc2 O-O 5.a3 Bxc3+ 6.Qxc3 b6 7.Bg5 Bb7 8.e3 d6
9.Ne2 Nbd7 10.Qd3 Ba6 11.Nc3 d5 12.Qc2 Bxc4 13.Bxc4 dxc4 14.Qa4 c5 15.Qxc4 cxd4
16.Qxd4 h6 17.Bh4 Nc5 18.Rd1 Qxd4 19.Rxd4 Rfd8 20.Bxf6 gxf6 21.Rxd8+ Rxd8
22.Ke2 f5 23.Rd1 Rxd1 24.Nxd1 Kf8 25.Nc3  1/2-1/2

[Event "ch-Arab"]
[Site "Dubai UAE"]
[Date "2005.09.20"]
[Round "9"]
[White "Al Sayed,Mohamad"]
[Black "Hakki,I"]
[Result "0-1"]
[WhiteElo "2478"]
[BlackElo "2471"]

1.d4 Nf6 2.c4 e6 3.Nc3 Bb4 4.Qc2 O-O 5.e4 d5 6.e5 Ne4 7.a3 Bxc3+ 8.bxc3 c5
9.Bd3 Qa5 10.Ne2 cxd4 11.cxd5 exd5 12.f3 f5 13.Nxd4 Nc5 14.O-O Nc6 15.Bxf5 Bxf5
16.Nxf5 Nxe5 17.Be3 Rae8 18.Bd4 Qc7 19.Rad1 Ne6 20.Bf2 Nf4 21.Kh1 Qd7 22.Ne3 Qf7
23.Bg3 Neg6 24.Qf2 Re5 25.Rfe1 Rfe8 26.Nc2 Re2 27.Qd4 Nxg2 28.Rxe2 Rxe2 29.Nb4 Ne3  0-1

[Event "EYb18"]
[Site "Herceg Novi SCG"]
[Date "2005.09.21"]
[Round "7"]
[White "Erdos,V"]
[Black "Tukhaev,A"]
[Result "0-1"]
[WhiteElo "2499"]
[BlackElo "2438"]

1.d4 Nf6 2.c4 e6 3.Nc3 Bb4 4.Qc2 O-O 5.a3 Bxc3+ 6.Qxc3 b6 7.Nf3 Bb7 8.e3 d6
9.Be2 Nbd7 10.O-O Qe7 11.b4 Ne4 12.Qc2 f5 13.Nd2 Qg5 14.d5 Nxd2 15.Bxd2 e5
16.f4 Qe7 17.Bd3 e4 18.Be2 Nf6 19.Bc3 Qf7 20.Rfd1 h6 21.a4 Kh7 22.Qb2 Rae8
23.a5 Bc8 24.axb6 axb6 25.Ra7 Re7 26.Ra8 Ree8 27.Ra7 Re7 28.Rda1 Ng4 29.h3 Nf6
30.Bxf6 gxf6 31.Qd2 Rd7 32.Ra8 Rg8 33.Bf1 Qg6 34.Qf2 Qg7 35.Rb8 Rdd8 36.Ra7 Rd7
37.Raa8 Rdd8 38.Ra2 Rde8 39.Be2 Rd8 40.Ra7 Rd7 41.Raa8 Rdd8 42.Ra2 Rd7 43.Bd1 Re7
44.Kh2 Ree8 45.Bb3 Bd7 46.Rb7 Bc8 47.Rba7 Rgf8 48.c5 bxc5 49.bxc5 Re7 50.c6 Rg8
51.Bc4 Ree8 52.Rb2 Ref8 53.Kg1 Re8 54.Kh1 Ref8 55.Qd2 Rf7 56.Bf1 Qg6 57.Qf2 Qg7
58.Rb8 Kh8 59.Qh4 Qg6 60.Rb2 Kh7 61.Kg1 Kh8 62.Kf2 Kh7 63.Ke1 Re7 64.Rf2 Qf7
65.Bc4 Qg6 66.Be2 Qf7 67.Ra5 Qf8 68.Kf1 Reg7 69.Kg1 Rg3 70.Ra7 Qg7 71.Kf1 Rxe3  0-1

[Event "EYg18"]
[Site "Herceg Novi SCG"]
[Date "2005.09.21"]
[Round "7"]
[White "Machalova,E"]
[Black "Kovacs,O"]
[Result "0-1"]
[WhiteElo "2078"]
[BlackElo "1997"]

1.d4 Nf6 2.c4 e6 3.Nc3 Bb4 4.Qc2 O-O 5.a3 Be7 6.Nf3 d5 7.Bg5 h6 8.Bh4 b6
9.cxd5 exd5 10.e3 Bb7 11.Bd3 Nbd7 12.O-O Rc8 13.Rac1 c5 14.Rfd1 c4 15.Bf5 Ra8
16.Qe2 a6 17.Ne5 b5 18.f4 Re8 19.Qf3 Nf8 20.Ne2 N6h7 21.Bf2 Qd6 22.Ng3 g6
23.Bb1 Bf6 24.Qg4 Bg7 25.Rf1 Bc8 26.Qd1 a5 27.Qd2 Nd7 28.e4 Bb7 29.Nxd7 Qxd7
30.e5 Bc8 31.Be3 Qc6 32.Rf2 f5 33.Ne2 Nf8 34.h3 Be6 35.Ng3 Reb8 36.Nf1 b4
37.axb4 Rxb4 38.Qe2 Rab8 39.Rc2 Qb7 40.g4 Bd7 41.Ba2 Ra4 42.Bb1 Ra1 43.Rc1 c3  0-1

[Event "Geller mem Open A"]
[Site "Odessa UKR"]
[Date "2005.09.22"]
[Round "8"]
[White "Peskov,A"]
[Black "Zavgorodniy,S"]
[Result "1-0"]
[WhiteElo "2378"]
[BlackElo "2448"]

1.d4 Nf6 2.c4 e6 3.Nc3 Bb4 4.Qc2 O-O 5.a3 Bxc3+ 6.Qxc3 b6 7.Bg5 Bb7 8.e3 c5
9.dxc5 bxc5 10.Ne2 d6 11.Rd1 Nbd7 12.Rxd6 Qc7 13.Qd2 Ne5 14.Nc3 Ne4 15.Nxe4 Bxe4
16.Bf4 Ng6 17.Bg3 e5 18.f3 Bc6 19.Be2 a5 20.O-O Rab8 21.Rd1 Ba4 22.Rb1 Bb3
23.Rd5 Rfd8 24.Rc1 a4 25.Bd1 Ne7 26.Rxd8+ Rxd8 27.Qe2 Qd6 28.Bxb3 axb3 29.Be1 Nc6
30.Ra1 Nb8 31.Bc3 f6 32.Kf2 Kf7 33.Ke1 Qe6 34.a4 e4 35.f4 Na6 36.Rd1 Rxd1+
37.Kxd1 Ke7 38.Ke1 Kd7 39.Qd1+ Qd6 40.Qg4+ Kc6 41.Qxg7 Qd3 42.Qxf6+ Kb7 43.Qe7+ Ka8
44.Kf2 Qc2+ 45.Kg3 Qd3 46.Kg4 Qxe3 47.Kg5  1-0

[Event "It"]
[Site "Klaksvik FAI"]
[Date "2005.09.23"]
[Round "9"]
[White "Eriksson,Joh"]
[Black "Olsen,H"]
[Result "1/2-1/2"]
[WhiteElo "2423"]
[BlackElo "2325"]

1.d4 Nf6 2.c4 e6 3.Nc3 Bb4 4.Qc2 O-O 5.Nf3 c5 6.dxc5 Na6 7.g3 Nxc5 8.Bg2 b6
9.O-O Bb7 10.Nb5 Be4 11.Qd1 Nb7 12.a3 a6 13.axb4 axb5 14.Rxa8 Qxa8 15.cxb5 Nd5
16.Qd4 Nd6 17.Qe5 Qb8 18.Bf4 Nxf4 19.Qxf4 Bd5 20.Rc1 f6 21.Ne1 Bxg2 22.Nxg2 Nxb5
23.Qd2 Rc8 24.Rd1 Qb7 25.Nf4 Rc7 26.Qe3 Qc6 27.Nd5 Qc2 28.Ra1 Rb7 29.Nxb6 Qxb2
30.Rd1 Qc3 31.Qc5 Qxc5 32.bxc5 Rc7 33.Rxd7 Rxc5 34.Rb7 Rc7  1/2-1/2

[Event "Autumn 4"]
[Site "Alushta UKR"]
[Date "2005.09.28"]
[Round "6"]
[White "Zakhartsov,V"]
[Black "Alexeev,Alexe"]
[Result "1-0"]
[WhiteElo "2534"]
[BlackElo "2356"]

1.d4 Nf6 2.c4 e6 3.Nc3 Bb4 4.Qc2 O-O 5.a3 Bxc3+ 6.Qxc3 b6 7.Bg5 Bb7 8.e3 h6
9.Bh4 d6 10.Ne2 Nbd7 11.Qd3 Qe7 12.Nc3 c5 13.Rd1 Rfd8 14.d5 Ne5 15.Qc2 Ng6
16.Bg3 Nh5 17.Be2 Nxg3 18.hxg3 Ne5 19.Qd2 Rd7 20.O-O Ng6 21.Qc2 Nf8 22.Rd2 e5
23.g4 Rdd8 24.f3 Bc8 25.Bd3 h5 26.gxh5 Qg5 27.Re2 Qxh5 28.g4 Qh6 29.Qd2 Qg5
30.Rh2 Qe7 31.Qg2 f6 32.Qh3 Qe8 33.Qh8+ Kf7 34.Kf2 Qd7 35.Rg1 a6 36.a4 Ra7
37.b3 Re8 38.g5 f5 39.g6+  1-0

[Event "Autumn 4"]
[Site "Alushta UKR"]
[Date "2005.10.03"]
[Round "11"]
[White "Zakhartsov,V"]
[Black "Obukhov,A"]
[Result "1/2-1/2"]
[WhiteElo "2534"]
[BlackElo "2522"]

1.d4 Nf6 2.c4 e6 3.Nc3 Bb4 4.Qc2 O-O 5.a3 Bxc3+ 6.Qxc3 Ne4 7.Qc2 f5 8.e3 b6
9.Ne2 Bb7 10.f3 Nd6 11.Nf4 c5 12.dxc5 bxc5 13.Bd2 Qh4+ 14.g3 Qe7 15.Be2 Nc6
16.O-O Ne5 17.b3 Ndf7 18.Bc3 d6 19.Nd3 Nxd3 20.Qxd3 a5 21.Rad1 Bc6 22.b4 axb4
23.axb4 cxb4 24.Bxb4  1/2-1/2

[Event "Open A"]
[Site "Hamburg GER"]
[Date "2005.10.03"]
[Round "3"]
[White "Gebhardt,Ul"]
[Black "Baczinski,W"]
[Result "1/2-1/2"]
[WhiteElo "2182"]
[BlackElo "2007"]

1.d4 Nf6 2.c4 e6 3.Nc3 Bb4 4.Qc2 O-O 5.a3 Bxc3+ 6.Qxc3 d6 7.Nf3 Nbd7 8.g3 Qe7
9.Bg2 e5 10.dxe5 Nxe5 11.Nxe5 dxe5 12.O-O c6 13.b4 Bf5 14.Bb2 Rfe8 15.Rfd1 Rad8
16.Qb3 e4 17.Bd4 b6 18.h3 h6 19.Qc3 Kh7 20.g4 Bg6 21.Rd2 c5 22.bxc5 bxc5
23.Bxf6 gxf6 24.Rad1 Rxd2 25.Qxd2 e3 26.Qxe3 Qxe3 27.fxe3 Rxe3 28.Rd5 Rxa3
29.Rxc5 a5 30.Rc7 Rc3 31.Bd5 a4 32.e4 a3 33.Ra7 h5 34.Kf2 Rxh3 35.gxh5 Bxh5
36.c5 Rc3 37.c6 Bg4 38.Ke1 Kg6 39.Kd2 Rg3 40.Bxf7+ Kg5 41.Be8 Kf4 42.Bd7 Bxd7
43.cxd7 Rg8 44.Rxa3 Rd8  1/2-1/2

[Event "Open A"]
[Site "Hamburg GER"]
[Date "2005.10.08"]
[Round "8"]
[White "Krallmann,M"]
[Black "Berg,K"]
[Result "1/2-1/2"]
[WhiteElo "2263"]
[BlackElo "2402"]

1.d4 Nf6 2.c4 e6 3.Nc3 Bb4 4.Qc2 O-O 5.a3 Bxc3+ 6.Qxc3 b6 7.Bg5 Bb7 8.e3 d6
9.Ne2 Nbd7 10.Qd3 c5 11.Nc3 a6 12.Rd1 d5 13.cxd5 exd5 14.Be2 c4 15.Qf5 h6
16.Bh4 b5 17.Bf3 Nb6 18.O-O Qd7 19.Qc2 Qc6 20.Rfe1 Rfe8 21.Bxf6 Qxf6 22.e4 Qg6
23.Re2 dxe4 24.Bxe4 Bxe4 25.Rxe4 Rxe4 26.Qxe4 Qxe4 27.Nxe4 Na4 28.Rd2 Kf8
29.f3 Ke7 30.Kf2 Rd8 31.g4 Ke6 32.Ke3 Kd5 33.Nc3+ Nxc3 34.bxc3 Re8+ 35.Kf2 g6
36.Re2 Re6 37.Re3 a5 38.Ke2 g5 39.Kd2 b4 40.cxb4 axb4 41.Rxe6 fxe6 42.axb4 Kxd4
43.Kc2 e5 44.Kd2 c3+ 45.Kc2 Kc4 46.b5 Kxb5 47.Kxc3 Kc5 48.Kd3 Kd5 49.Ke3 Kd6
50.Ke4 Ke6 51.Ke3  1/2-1/2

[Event "TCh-CZE Extraliga 2005-6"]
[Site "Czech Rep CZE"]
[Date "2005.10.15"]
[Round "?"]
[White "Likavsky,T"]
[Black "Markos,J"]
[Result "0-1"]
[WhiteElo "2514"]
[BlackElo "2495"]

1.d4 Nf6 2.c4 e6 3.Nc3 Bb4 4.Qc2 O-O 5.a3 Bxc3+ 6.Qxc3 Ne4 7.Qc2 f5 8.Nh3 d6
9.f3 Nf6 10.e3 e5 11.d5 a5 12.Bd3 e4 13.Be2 a4 14.Nf4 Qe8 15.Bd2 Na6 16.O-O-O Nc5
17.Kb1 g5 18.Nh3 Qg6 19.f4 g4 20.Nf2 h5 21.g3 Bd7 22.Bc3 Kf7 23.h3 Rh8 24.Rdg1 Rh6
25.Qd1 Rah8 26.Rg2 b6 27.Rgh2 R8h7 28.Qd4 Ne8 29.Rg2 Ng7 30.Bd1 Ne8 31.Bc2 Nf6
32.Rgh2 h4 33.Qxf6+ Qxf6 34.Bxf6 hxg3 35.Bg5 gxh2 36.hxg4 fxg4 37.Bxh6 Rxh6  0-1

[Event "TCh-CZE Extraliga 2005-6"]
[Site "Czech Rep CZE"]
[Date "2005.10.15"]
[Round "1"]
[White "Neuman,P"]
[Black "Petrik,T"]
[Result "1-0"]
[WhiteElo "2414"]
[BlackElo "2473"]

1.d4 Nf6 2.c4 e6 3.Nc3 Bb4 4.Qc2 O-O 5.a3 Bxc3+ 6.Qxc3 b6 7.Bg5 Bb7 8.e3 d6
9.f3 Nbd7 10.Bd3 c5 11.Ne2 Rc8 12.Qb3 Qc7 13.Rc1 Rfe8 14.Bh4 d5 15.O-O e5
16.Nc3 exd4 17.Nb5 Qd8 18.exd4 cxd4 19.Bf5 dxc4 20.Qd1 Re5 21.Nd6 Rc7 22.Qxd4 Rd5
23.Qf4 Ne5 24.Nxb7 Rxb7 25.Rfe1 Nd3 26.Bxd3 cxd3 27.Bxf6 gxf6 28.Qg4+ Rg5
29.Rc8  1-0